02302nam a22002297a 4500003000400000005001700004008004100021082001500062100002000077245008500097250001400182260005900196300003300255490007500288520128900363650013401652651007801786700002001864942001601884952015701900999001502057OSt20260406091557.0260406b |||||||| |||| 00| 0 esp d 29586771199 aZamora Editores aBiblioteca Práctica de Consulta del Nuevo Milenio: Matemáticas y Geometría avolumen 5 a Bogotá, ColombiabZamora Editores Ltda..c2000-2001 a 21 x 14 cm c252 páginas. 3Cartulina rústica de alto gramaje con acabado plastificado brillante aEl Volumen 5 de la Biblioteca Práctica de Consulta del Nuevo Milenio (ISBN 9586771199) es un manual académico enfocado exclusivamente en las ciencias exactas, estructurado en dos grandes bloques: 1. Matemáticas (Aritmética y Álgebra) Este bloque sirve como guía de resolución de problemas y desarrollo del pensamiento lógico: Aritmética: Repasa los sistemas numéricos, operaciones fundamentales (suma, resta, multiplicación, división) y proporcionalidad (razones y proporciones). Álgebra: Introduce el lenguaje simbólico, resolución de ecuaciones de primer y segundo grado, factorización y funciones básicas. Enfoque: Se centra en la ejercitación, presentando métodos paso a paso para resolver operaciones matemáticas comunes en el nivel secundaria. 2. Geometría (Plana y del Espacio) Esta sección se dedica al estudio de las formas y sus medidas: Geometría Plana: Estudio de puntos, líneas, ángulos, polígonos y el círculo. Incluye el cálculo de perímetros y áreas. Geometría del Espacio: Análisis de cuerpos sólidos como poliedros, prismas, pirámides, conos y esferas, con sus respectivas fórmulas de volumen. Teoremas: Explicación visual y teórica de principios fundamentales como el Teorema de Pitágoras. a Matemáticas. Geometría.xProblemas, ejercicios, etc. / Estudio y enseñanza (Secundaria).yiglo XXI (o finales del Siglo XX xGeometría plana / Geometría del espacio / Problemas, ejercicios, etc. aZamora Editores 2ddccBKAn0 00102ddc40708F02aISUSbISUScBiblioteca Abiertad2026-04-06eLECTURAf0465i0465l0oCOLECCIONpBIBLIO0465r2026-04-06 09:17:27t1w2026-04-06yBKA c2041d2041